Das Olmützer Stadttheater und seine Oper
| Titel: | Das Olmützer Stadttheater und seine Oper : "Wer in Olmütz gefällt, gefällt in der ganzen Welt“ / Jiří Kopecký, Lenka Krupková |
|---|---|
| Verfasser: | ; |
| Veröffentlicht: | Regensburg : ConBrio Verlagsgesellschaft, 2017 |
| Umfang: | 302 Seiten : Illustrationen |
| Format: | Buch |
| Sprache: | Deutsch |
| Schriftenreihe/ mehrbändiges Werk: |
Neue Wege ; Band 14 |
| Einheitssachtitel: | Německá operní scéna v Olomouci |
| RVK-Notation: |
·
·
|
| ISBN: | 9783940768728 |
| Hinweise zum Inhalt: |
Inhaltsverzeichnis
|
alg: 42460569 001A $00030:08-01-18 001B $06060:10-10-23 $t13:56:36.000 001D $00030:05-02-18 001U $0utf8 001X $00 002@ $0Aau 002C $aText $btxt $2rdacontent 002D $aohne Hilfsmittel zu benutzen $bn $2rdamedia 002E $aBand $bnc $2rdacarrier 003@ $0424605694 003O $01009832705 $aOCoLC 004A $A978-3-940768-72-8 004K $09783940768728 006C $01009832705 $aOCoLC 006G $01138580554 006H $0TOCNEUA1836 $2DNB 006T $017,N35 006U $018,A37 $f20170821 007A $0493997210 $aBSZ 009P $qapplication/pdf $A2 $3Inhaltsverzeichnis $uhttp://d-nb.info/1138580554/04 $mB:DE-101 010@ $ager 010E $erda 011@ $a2017 021A $aDas @Olmützer Stadttheater und seine Oper $d"Wer in Olmütz gefällt, gefällt in der ganzen Welt“ $hJiří Kopecký, Lenka Krupková 022A $aNěmecká operní scéna v Olomouci 028A $BVerfasser $4aut $7140251510 $8Kopecký, Jiří$Z1978- [Tp3] $9219730741 028C $BVerfasser $4aut $71080001298 $8Křupková, Lenka$Z1970- [Tp3] $9367536943 033A $pRegensburg $nConBrio Verlagsgesellschaft 034D $a302 Seiten 034M $aIllustrationen 036E $aNeue Wege $lBand 14 037A $aQuellen- und Literaturverzeichnis Seite 281-295 039U $8--Oou--Loos, Helmut$Z1950- [Tp1]. [Jiří Kopecký, Lenka Krupková: Das Olmützer Stadttheater und seine Oper], 2018 $9508910951 044K $#Lesser, Stanislaus $#Lesser, Stanisław $#Leser, Stanislaus $#Lesser, Max. Stanislaus $7116949791 $8Lesser, Stanislaus$cvon$Z1840-1907 [Tp1] $9150815808 044K $qDNB $RTheaterwissenschaft $#Theater $#Théâtre $#Theaters $#Théâtres $#Theaterleben $#Theaterkultur $74059702-7 $8Theater [Ts1] $908516612X 044K $qDNB $RMusiktheater $#Opera $#Opéra $#Operas $#Opéras $#Musikdrama $#Opern $74043582-9 $8Oper [Ts1] $9085121940 044K $qDNB $8Olomouc [Tg1] $9453649831 045E $c792 $c780 $c940 045F $a780.94371 $eDDC23BSB 045F/01 $a780.9 045F/03 $g4371 045G $a792.094371 $eDDC23BSB 045G/01 $a792.09 045G/03 $g4371 045R $aGeschichte 1770-1920 045Z $8AP 78848 [Tkv] $9407339388 045Z $8LQ 87104 [Tkv] $9410152102 045Z $8LQ 87106 [Tkv] $9410152129 lok: 42460569 3 101B $012-02-18 $t08:37:32.000 101C $008-01-18 101U $0utf8 144Z/20 $at18feb 145S/01 $a931 exp: 42460569 3 1 #EPN 201B/01 $005-02-18 $t16:19:29.000 201C/01 $008-01-18 201U/01 $0utf8 203@/01 $01014780454 208@/01 $a05-02-18 $bzAa 209A/01 $a90.955.45 $du $f000 $h90 955 45 $x00 209G/01 $a90955454 $x00 247C/01 $8601000-3 <30>Frankfurt, Universitätsbibliothek J. C. Senckenberg, Zentralbibliothek (ZB) $9102598258 lok: 42460569 24 exp: 42460569 24 1 #EPN 201B/01 $025-01-19 $t14:05:03.000 201C/01 $025-01-19 201U/01 $0utf8 203@/01 $0104145547X 208@/01 $a25-01-19 $bz 209A/01 $aMus 4446 $du $f050 $hMus 4446 $x00 209C/01 $a19.00071 K $h19 00071 K 209G/01 $a74077706 $x00 220C/01 $asbl 247C/01 $8358050-7Marburg, Bibliothek des Herder-Instituts Marburg $9102600961 lok: 42460569 78 exp: 42460569 78 1 #EPN 201B/01 $011-11-19 $t08:41:20.000 201C/01 $011-11-19 201U/01 $0utf8 203@/01 $01069776505 208@/01 $a11-11-19 $be 209A/01 $a/ $f000 $x00 209A/01 $ab*p $x01 220C/01 $apgar 244Z/01 $#Böhmische Kronländer $#Länder der Böhmischen Krone $#Sudetenland $#Böhmen $#Mähren $#Mährisch-Schlesien $#Österreichisch-Schlesien $#Tschechische Sozialistische Republik Böhmische Länder $#Tschechei Böhmische Länder $#Země koruny české $74069573-6 $8--Tg1--Böhmische Länder $x01 $9085195553 247C/01 $82080>Marburg/Lahn, Herder-Institut, Forschungsbibliothek, Bibliographieportal $9336309341
| LEADER | 00000cam a2200000 c 4500 | ||
|---|---|---|---|
| 001 | 424605694 | ||
| 003 | DE-603 | ||
| 005 | 20231010135636.0 | ||
| 007 | tu | ||
| 008 | 180108s2017 xx |||| | u00||u|ger | ||
| 015 | |a 18,A37 |z 17,N35 |2 dnb | ||
| 016 | 7 | |2 DE-101 |a 1138580554 | |
| 020 | |a 9783940768728 | ||
| 024 | 3 | |a 9783940768728 | |
| 035 | |a (DE-599)BSZ493997210 | ||
| 035 | |a (OCoLC)1009832705 | ||
| 040 | |a DE-603 |b ger |c DE-603 |d DE-603 |e rda | ||
| 041 | |a ger | ||
| 082 | 0 | 4 | |8 1\u |a 780.94371 |q DE-101 |2 23/BSB |
| 083 | 0 | |8 2\u |a 792.094371 |q DE-101 |2 23/BSB | |
| 084 | |a 792 |a 780 |a 940 |q DE-101 |2 sdnb | ||
| 084 | |a AP 78848 |0 (DE-625)7978:707 |0 (DE-603)407339388 |2 rvk | ||
| 084 | |a LQ 87104 |0 (DE-625)109128:13532 |0 (DE-603)410152102 |2 rvk | ||
| 084 | |a LQ 87106 |0 (DE-625)109128:13534 |0 (DE-603)410152129 |2 rvk | ||
| 085 | |8 1\u |b 780.9 | ||
| 085 | |8 1\u |z 2 |s 4371 | ||
| 085 | |8 2\u |b 792.09 | ||
| 085 | |8 2\u |z 2 |s 4371 | ||
| 100 | 1 | |a Kopecký, Jiří |d 1978- |e Verfasser |4 aut |0 (DE-603)219730741 |0 (DE-588)140251510 |2 gnd | |
| 240 | 1 | 0 | |a Německá operní scéna v Olomouci |
| 245 | 0 | 0 | |a Das Olmützer Stadttheater und seine Oper |b "Wer in Olmütz gefällt, gefällt in der ganzen Welt“ |c Jiří Kopecký, Lenka Krupková |
| 264 | 1 | |a Regensburg |b ConBrio Verlagsgesellschaft |c 2017 | |
| 300 | |a 302 Seiten |b Illustrationen | ||
| 336 | |a Text |b txt |2 rdacontent | ||
| 337 | |a ohne Hilfsmittel zu benutzen |b n |2 rdamedia | ||
| 338 | |a Band |b nc |2 rdacarrier | ||
| 490 | 0 | |a Neue Wege |v Band 14 | |
| 500 | |a Quellen- und Literaturverzeichnis Seite 281-295 | ||
| 600 | 1 | 7 | |a Lesser, Stanislaus von |d 1840-1907 |0 (DE-588)116949791 |0 (DE-603)150815808 |2 gnd |
| 648 | 7 | |a Geschichte 1770-1920 |2 gnd | |
| 650 | 7 | |a Theater |0 (DE-588)4059702-7 |0 (DE-603)08516612X |2 gnd | |
| 650 | 7 | |a Oper |0 (DE-588)4043582-9 |0 (DE-603)085121940 |2 gnd | |
| 651 | 7 | |a Olomouc |0 (DE-588)1195726953 |0 (DE-603)453649831 |2 gnd | |
| 700 | 1 | |a Křupková, Lenka |d 1970- |e Verfasser |4 aut |0 (DE-603)367536943 |0 (DE-588)1080001298 |2 gnd | |
| 787 | 0 | 8 | |i Rezensiert in |a Loos, Helmut, 1950- |t [Jiří Kopecký, Lenka Krupková: Das Olmützer Stadttheater und seine Oper] |w (DE-603)508910951 |
| 856 | 4 | 2 | |m B:DE-101 |q application/pdf |u http://d-nb.info/1138580554/04 |3 Inhaltsverzeichnis |
| 924 | 0 | |9 30 |a (DE-603)1014780454 |b DE-30 |c HES |d c |g 90.955.45 | |
| 924 | 0 | |9 Mb 50 |a (DE-603)104145547X |b DE-Mb50 |c HES |d c |g Mus 4446 | |
| 924 | 0 | |9 2080 |a (DE-603)1069776505 |b DE-2080 |c HES |d d |g / | |


